| 000 | 00567nam a2200193Ia 4500 | ||
|---|---|---|---|
| 008 | 200711s9999 xx 000 0 und d | ||
| 020 | _a156563196x | ||
| 020 | _a9781565631960 | ||
| 041 | _aeng | ||
| 050 |
_aBR145.S6 _b.H5 2006 |
||
| 100 | _a"Schaff, Philip" | ||
| 245 |
_aHistory of the Christian church: _bThe German Refoemation 1517-1530/ _c" Philip Schaff" |
||
| 260 |
_a"Peabody, Mass :" _b"Hendrickson Publishers, Inc," _c2006 |
||
| 300 |
_a"xiii, 755 p." _b; _c23 cm. |
||
| 650 | _aChurch history. | ||
| 650 | _aReformation. | ||
| 949 | _vv. 7 | ||
| 999 |
_c409 _d409 |
||